Statistics for Države Okeanije

Click here to take the quiz!

General Stats

  • This quiz has been taken 12 times
  • The average score is 11 of 14

Answer Stats

Država% Correct
Australija
100%
Fidži
100%
Kiribati
88%
Palau
88%
Samoa
88%
Maršalska Ostrva
75%
Mikronezija
75%
Nauru
75%
Novi Zeland
75%
Tonga
75%
Tuvalu
75%
Vanuatu
75%
Papua Nova Gvineja
50%
Solomonska Ostrva
50%

Score Distribution

Percentile by Number Answered

Percent of People with Each Score

Your Score History

You have not taken this quiz